MKS sygnały jednoliterowe - Statystyki

Ogólne statystyki
  • Ten quiz został rozwiązany 20 razy
    4 od ostatniego zresetowania
  • Średni wynik to 4 z 26
Statystyki odpowiedzi
Hint Odpowiedź % Poprawnych
N Nie (zaprzeczenie albo "znaczenie poprzedzającej grupy powinno być rozumiane w trybie przeczącym")
67%
C Tak (potwierdzenie albo "znaczenie poprzedzającej grupy powinno być rozumiane w trybie twierdzącym")
67%
O Człowiek za burtą
33%
A Mam nurka pod wodą; trzymajcie się z dala i idźcie powoli
33%
H Mam pilota na statku
33%
R nie używa się
33%
W Potrzebuję pomocy lekarskiej
33%
I Zmieniam swój kurs w lewo
33%
E Zmieniam swój kurs w prawo
33%
F Jestem niezdolny do ruchu; nawiążcie łączność ze mną
0%
U Kierujecie się ku niebezpieczeństwu
0%
B Ładuję albo wyładowuję, albo mam na statku ładunki niebezpieczne
0%
J Mam pożar i niebezpieczny ładunek na statku; trzymajcie się z dala ode mnie
0%
S Moje maszyny pracują wstecz
0%
Q Mój statek jest "zdrowy" i proszę o prawo zdolności ruchów
0%
Z Potrzebuję holownika. Nadany przez statki rybackie łowiące blisko siebie na łowiskach oznacza: "wydaję sieci"
0%
G Potrzebuję pilota. Nadany przez statki rybackie łowiące blisko siebie na łowiskach oznacza "wybieram sieci"
0%
V Potrzebuję pomocy
0%
K Pragnę nawiązać z wami łączność
0%
T Trzymajcie się z dala ode mnie, jesteśmy zajęci trałowaniem we dwójkę
0%
D Trzymajcie się z dala ode mnie; manewruję z trudnością
0%
Y Wlokę moją kotwicę
0%
P W porcie:Wszystkie osoby powinny się zameldować na statku, gdyż statek wkrótce wychodzi w morze. Na morzu: Może być użyty przez statki rybackie w znaczeniu "moje sieci zaczepiły o przeszkodę"
0%
X Wstrzymajcie się z wykonywaniem waszych zamierzeń i uważajcie na moje sygnały
0%
L Zatrzymajcie natychmiast swój statek
0%
M Zatrzymałem swój statek i nie porusza się po wodzie
0%
Nie znaleziono quizów pasujących do podanych kryteriów
Rozkład punktacji
Procent ludzi z każdym wynikiem
Percentyl według liczby udzielonych odpowiedzi
Twoja historia wyników
Nie rozwiązałeś tego quizu od ostatniego zresetowania